000 00678nam a2200181Ia 4500
008 100921s9999 xx 000 0 und d
082 _b23455
_a891.463 ढ 96
100 _aचिणे पुष्पा.
245 _aभेटी लागी जीवा.
260 _bराजेंद्र प्रकाशन, पुणे.
_c1896
300 _a271
_bभावे पुस्तक भांडार,पुणे
365 _b38
520 _aललित-कादंबरी.
630 _aभेटी लागी जीवा.
650 _aललित-कादंबरी.
730 _aभेटी लागी जीवा.
942 _cBOOK
999 _c772568
_d772565